| 000 | 01058nac a22002651u 4500 | ||
|---|---|---|---|
| 010 | _a 2001025307 | ||
| 020 | _a0750673532 (alk. paper) | ||
| 082 | 0 | 0 |
_a364.36 _bCLE |
| 090 |
_c5780 _d5780 |
||
| 100 | _aClement, Mary, | ||
| 245 | 1 | 4 |
_aThe juvenile justice system : _blaw and process / _cMary J. Clement. |
| 250 | _a2nd ed. | ||
| 260 |
_aBoston : _bButterworth-Heinemann,2002 _cc2002. |
||
| 300 |
_axvi, 484 p. : _bill. ; _c26 cm. |
||
| 500 | _adistributer: Al-Ahram | ||
| 504 | _aIncludes bibliographical references and indexes. | ||
| 511 | _acatalogued by: wessam | ||
| 650 | 0 |
_aJuvenile justice, Administration of _xSocial aspects _zUnited States. |
|
| 650 | 0 |
_aJuvenile delinquents _zUnited States. |
|
| 650 | 0 |
_aParent and child _zUnited States. |
|
| 650 | 0 |
_aChild abuse _zUnited States. |
|
| 856 | 4 | 2 |
_3Publisher description _uhttp://www.loc.gov/catdir/description/els031/2001025307.html |
| 856 | 4 | 2 |
_3Table of contents _uhttp://www.loc.gov/catdir/toc/els031/2001025307.html |
| 942 |
_cBB _k364.36CLE |
||
| 999 |
_c5780 _d5780 |
||